000 01104nam a2200289Ia 4500
003 OSt
005 20221005110627.0
006 a|||||r|||| 00| 0
007 ta
008 221004b |||||||| |||| 00| 0 hin d
020 _a9788126319824 (hbk)
_cINR 200.00
024 _a37474
037 _bBW/1693, 15/03/2018, Bookwell
_cTextual
040 _aCRL
_cCRL
_bhin
041 _2hin
_ahin
082 _aO152,1N276x, Q7
100 _aकुवॅंर नारायण, ले.
245 0 _aवाजश्रवा के बहाने
246 _aVājashravā ke bahāne
260 _aनई दिल्ली
_bभारतीय ज्ञानपीठ भारत
_c2017
300 _a159पृ0
_ccm.
490 _aलोकोदय ग्रन्थमाला; ग्रन्थांक 937
650 _a हिन्दी साहित्य
650 _aहिन्दी कविता
942 _hO152,1N276x, Q7
_cTEXL
_2cc
999 _c1019388
_d1019388